000 00927nam a2200229Ia 4500
003 IN-BaIIA
008 211028s9999 xx s 000 0 eng d
020 _a978-0-521-19840-0 (Print)
022 _a1743-9213 (Print)
022 _a1743-9221 (Online)
040 _cIIA Library
100 _aNeiner, C., ed.
_938194
245 0 _aActive OB stars: structure, evolution, mass loss, and critical limits
_h[eBook]
260 _aCambridge
_bCambridge University Press
_c2011
300 _aOnline resource
490 _aIAU Symposium; no. 272
700 _aMeynet, G., ed.
_929258
700 _aPeters, G., ed.
_940575
700 _aWade, G., ed.
_940576
856 _uhttps://www.cambridge.org/core/journals/proceedings-of-the-international-astronomical-union/issue/B41350C208ADEC21E81B193A90E3489E
_yClick Here to Access eBook
942 _cEB
999 _c21982
_d21982